000 005770000a22002050004500
001 5439
003 CO-MdBIC
040 _bspa.
082 0 4 _aG 808.8 R521s
100 1 _aRichardson, Don (1935-)
245 1 0 _aSeñores de la tierra / Don Richardson ; Francisco Liévano, Traductor
260 _aMiami, Florida, USA : Vida
300 _a432 Pag
336 _atexto
_btxt
_2rdacontent
337 _2rdamedia
_asin mediación
_bn
338 _2rdacarrier
_avolumen
_bnc
500 _aTitulo original : Lords of the earth
650 1 4 _aNOVELA RELIGIOSA - MISIONES
942 _cBK
999 _c35839
_d35839